000 01083cam a22002651i 4500
003 SA-RiAUC
005 20250828040151.0
008 250815s1989 su a f b 000 0 ara c
040 _aSA-MuMU
_bara
_cSA-RiAUC
_erda
082 0 4 _a091.1
090 _a091.1
_bح ل و
100 1 _aالحلوجي، عبد الستار عبد الحق،
_d1938-
_eمؤلف.
245 1 2 _aالمخطوط العربي /
_cعبد الستار عبد الحق الحلوجي.
250 _aالطبعة الثانية، مزيدة ومنقحة.
264 1 _aالرياض :
_bمكتبة مصباح،
_c1989.
300 _a316 صفحة :
_bإيضاحيات ؛
_c24 سم
336 _aنص
_btxt
_2rdacontent
_3كتاب
337 _aبدون وسيط
_bn
_2rdamedia
338 _aمجلد
_bnc
_2rdacarrier
500 _aفي الأصل رسالة دكتوراه-كلية الآداب، جامعة القاهرة.
504 _aببليوجرافية : صفحة 295-314.
650 7 _aالمخطوطات العربية
_2aucsh
942 _2ddc
_cBOOK
_n0
949 _aSA-JeALM
_d250815
_umohamedma123
_n1
999 _c11203
_d11203